000 01257nam a22003617a 4500
003 CHAP
005 20220817042515.0
008 971013s1966 r 00010 d
010 _a46696
011 _a47668
035 _a51811
040 _cCHAP
082 _a338.90184
_bT5Y
100 0 0 _aTinbergen, Jan.
_9113356
245 _aModelos matemáticos del crecimiento económico
260 _aMadrid :
_bAguilar,
_c1966
300 _a165 p.
490 _aBiblioteca de ciencias sociales. Sección economía
590 _aBATCH-UPD
_b10
_c20130110
_lUCH01
_h0147
590 _aBATCH-UPD
_b10
_c20130110
_lUCH01
_h1027
590 _aBATCH-UPD
_b10
_c20130409
_lUCH01
_h2147
590 _aBATCH-UPD
_b10
_c20130410
_lUCH01
_h0631
590 _aBATCH-UPD
_b10
_c20130914
_lUCH01
_h0618
590 _aCONVERSION
_b10
_c20130109
_lUCH01
_h1326
650 1 4 _aDesarrollo económico.
650 1 4 _aPolítica económica
_xModelos matemáticos.
_990515
700 0 _aBos, Hendricus C.
_913962
830 0 _aBiblioteca de ciencias sociales. Sección economía
_912289
901 _aBK
942 _cLIBRO
949 _a338.90184 T5Y
_bBC
_cLIBRO
_d33724000109666
_eLIBRO
_h34927
_i51811
_si
949 _a338.90184 T5Y
_bBC
_cLIBRO
_d33724000109674
_eLIBRO
_fc.2
_h60320
_i51811
_si
999 _c46696
_d46696